Statystyki dla Lata w których powstawały Parki Narodowe

Kliknij tutaj aby rozwiązać quiz!

Ogólne statystyki

  • Ten quiz został rozwiązany 17 razy
  • Średni wynik to 21 z 23

Statystyki odpowiedzi

Nazwa ParkuOdpowiedź% Poprawnych
Babiogórski Park Narodowy
1954
100%
Ojcowski Park Narodowy1956
100%
Pieniński Park Narodowy1932
93%
Białowieski Park Narodowy1932
93%
Wielkopolski Park Narodowy1957
93%
Kampinoski Park Narodowy1959
93%
Karkonoski Park Narodowy1959
93%
Woliński Park Narodowy1960
93%
Słowiński Park Narodowy1967
93%
Gorczański Park Narodowy1981
93%
Wigierski Park Narodowy1989
93%
Drawieński Park Narodowy1990
93%
Poleski Park Narodowy1990
93%
Park Narodowy Gór Stołowych1993
93%
Biebrzański Park Narodowy1993
93%
Magurski Park Narodowy1995
93%
Park Narodowy „Bory Tucholskie”1996
93%
Narwiański Park Narodowy1996
93%
Park Narodowy „Ujście Warty”2001
93%
Świętokrzyski Park Narodowy1950
87%
Tatrzański Park Narodowy1955
87%
Bieszczadzki Park Narodowy1973
87%
Roztoczański Park Narodowy1974
87%

Rozkład punktacji

Percentyl według liczby udzielonych odpowiedzi

Procent ludzi z każdym wynikiem

Twoja historia wyników

Nie rozwiązałeś tego quizu